Networking explained /

Gardado en:
Detalles Bibliográficos
Autor Principal: Gallo, Michael A.
Formato: Libro
Idioma:English
Publicado: Boston : Digital Press, 1999.
Những chủ đề:
Các nhãn: Engadir etiqueta
Sen Etiquetas, Sexa o primeiro en etiquetar este rexistro!
Thư viện lưu trữ: Mạng thư viện Đại học Đà Nẵng
LEADER 00763cam a2200313 i 4500
001 000045451
003 4630
005 20030227153316.0
008 010220|1999 vm 000 eng
020 |a 1555582141 (pbk.) 
040 |a IRC  |c IRC  |d IRC 
041 0 |a eng 
082 1 4 |a 004.6  |b GA-M 
100 1 |a Gallo, Michael A. 
245 0 0 |a Networking explained /  |c Michael A.Gallo. 
260 |a Boston :  |b Digital Press,  |c 1999. 
300 |a xiv, 481p. :  |b ill. 
630 0 4 |a Networking. 
650 0 4 |a Computer networks. 
OWN |a DUT 
999 |a From the UDN01 
TYP |a Monograph 
TYP |a Printed language 
980 |a Mạng thư viện Đại học Đà Nẵng